000 00609nam a22001817a 4500
003 UA-OsUOA
001 12616
007 ta
008 20050426b un ||||| |||| 00| 0 ukr d
100 _aСкомороха В.
942 _cSA
040 _aUA-OsUOA
_cUA-OsUOA
_dUA-OsUOA
245 _aПризначення більш м'якого покарання , ніж передбачено законом : питання конституційності
300 _aС.3-9
955 _a0
773 0 _w0
_tПраво України
_dКиїв
_d2005
_gN4
650 7 _aКримінальне право
_2UDC
999 _c298777
_d298777